000 00291nam a2200121 i 4500
001 bg
245 0 _aKorozja.
_nT. 1,
_pKorozja metali i stopów /
_cp. red. Shreira.
260 _aWarszawa,
_c1966.
040 _cBPK
041 _apol
942 _cKS
008 s pl f |000 0 pol
999 _c4813
_d4813
856 _uhttp://koha.tu.koszalin.pl/cgi-bin/koha/opac-detail.pl?biblionumber=4813
_yKatalog online BPK